| 000 | 00799cab a2200205 4500 | ||
|---|---|---|---|
| 001 | ABS37397 | ||
| 008 | 090401t1986 xxu||||| |||| 00| 0 eng d | ||
| 035 | _a(Sirsi) u4126 | ||
| 041 | _aeng | ||
| 100 | _aBaker, J.E. | ||
| 245 | _aLow cost lighting in the farmstead | ||
| 260 | _c1986 | ||
| 350 | _a0 | ||
| 490 |
_aFarm Buildings and Engineering _v3 (2) Autumn/Winter 1986, 44-46 (3) |
||
| 520 | _aAdvice and information are given on the choice of lighting system and equipment, covering lighting standards, type of lamp, and the maintenance of lighting systems. The importance of replacing lights at the end of their rated life and cleaning them at least once a year is emphasised. References. | ||
| 650 | _aFARM BUILDINGS | ||
| 690 | _aRURAL PRACTICE | ||
| 942 | _n0 | ||
| 948 | _c04/03/1997 | ||
| 999 |
_c2468 _d2468 |
||